000 00567nam a22001937a 4500
999 _c12461
_d12461
008 210202b ||||| |||| 00| 0 eng d
020 _a81-7146-014-3
_cRs.110.00
041 0 _ahin
082 0 0 _a891.43
_bB2149
100 _93465
_aBandyopadhaya, Tarasankar
245 1 0 _aBegum /
_cby Tarashankar Bandyopadhaya
245 1 0 _aबेगम /
_cतारशंकर बंद्योपाध्याय
250 _a1st ed.
260 _aDelhi :
_bArun Prakashan,
_c1995.
300 _a184 p.
365 _b INR 110.00
650 0 _aHindi fiction
942 _cBK